Orchard (Developments) Holdings Plc v Reuters Ltd (Record no. 81235)

MARC details
000 -LEADER
fixed length control field 01873cab a22002175a 4500
001 - CONTROL NUMBER
control field L146668
008 - FIXED-LENGTH DATA ELEMENTS--GENERAL INFORMATION
fixed length control field 090213e20090116xxk f v 000 0 eng d
035 ## - SYSTEM CONTROL NUMBER
System control number (Sirsi) u146668
041 0# - LANGUAGE CODE
Language code of text/sound track or separate title eng
245 00 - TITLE STATEMENT
Title Orchard (Developments) Holdings Plc v Reuters Ltd
Medium [electronic resource]
260 ## - PUBLICATION, DISTRIBUTION, ETC.
Date of publication, distribution, etc. 2009
520 ## - SUMMARY, ETC.
Summary, etc. EWCA Civ 6, 16 January 2009. An appellant landlord (O) appealed against a decision that a tenant publisher (R) had given valid and effective notice to bring a commercial lease to end under a break clause. R had a break option on business premises. It sent the landlord a letter and fax saying it wanted to exercise the break, but only the fax arrived. The lease did not allow R to give notice by fax, so O did not acknowledge the fax. The six month notice period needed by R to exercise its break option passed. O acknowledged that it had received the fax. R argued that this acknowledgement validated its request to break the lease. Held: appeal allowed. The Court of Appeal disagreed with the tenant and found in favour of the landlord. It decided that O's acknowledgement after the break date had passed could not validate the earlier notice. Therefore R's lease continued and it was liable to O for the claimed rent. Yates Building Co Ltd v RJ Pulleyn and Sons (York) distinguished. The Statute of Frauds did not apply to the extant case.
590 ## - LOCAL NOTE (RLIN)
Local note KA
650 24 - SUBJECT ADDED ENTRY--TOPICAL TERM
Topical term or geographic name entry element ORCHARD (DEVELOPMENTS) HOLDINGS PLC V REUTERS LTD
650 24 - SUBJECT ADDED ENTRY--TOPICAL TERM
Topical term or geographic name entry element STATUTE OF FRAUDS 1677
650 24 - SUBJECT ADDED ENTRY--TOPICAL TERM
Topical term or geographic name entry element YATES BUILDING CO LTD V RJ PULLEYN & SONS (YORK) LTD
651 #4 - SUBJECT ADDED ENTRY--GEOGRAPHIC NAME
Geographic name England and Wales
Chronological subdivision 1543-
690 ## - LOCAL SUBJECT ADDED ENTRY--TOPICAL TERM (OCLC, RLIN)
Topical term or geographic name as entry element PROPERTY-COMMERCIAL PROPERTY-COMMERCIAL LANDLORD AND TENANT-BUSINESS TENANCIES
856 40 - ELECTRONIC LOCATION AND ACCESS
Uniform Resource Identifier <a href="https://www.bailii.org/cgi-bin/markup.cgi?doc=/ew/cases/EWCA/Civ/2009/6.html&query=orchard+and+reuters&method=boolean">https://www.bailii.org/cgi-bin/markup.cgi?doc=/ew/cases/EWCA/Civ/2009/6.html&query=orchard+and+reuters&method=boolean</a>
Public note View the report at www.bailii.org...
942 ## - ADDED ENTRY ELEMENTS (KOHA)
Suppress in OPAC 0
Source of classification or shelving scheme Dewey Decimal Classification
Holdings
Withdrawn status Lost status Source of classification or shelving scheme Damaged status Not for loan Home library Current library Shelving location Date acquired Total Checkouts Full call number Barcode Date last seen Copy number Price effective from Koha item type
    Dewey Decimal Classification     Virtual Virtual Online 13/02/2009   ONLINE PUBLICATION 146668-2001 06/08/2019 1 06/08/2019 Law report